000 00340nam a2200145Ia 4500
005 20250603145024.0
008 250603s9999 xx 000 0 und d
020 _a9783945852538
050 _aNA 2542.35 .K56/
100 _aKincaid, Jamaica
245 0 _aGarden Futures
260 _bVitra Design Museum
260 _c2023
942 _cBK
999 _c40640
_d40640